000 00708cam a2200193 i 4500
005 20260111105603.0
008 250721s2005 jo gr 000 0 ara d
082 1 4 _a302.2/ أ ب و
100 1 _aأبو أصبع، صالح خليل
_eمؤلف.
245 1 0 _aإستراتيجيات الإتصال وسياساته وتأثيراته /
_cصالح خليل ابو اصبع.
250 _aالطبعة الاولى.
264 3 1 _aعمان :
_bدار مجدلاوي للنشر و التوزيع،
_c2005.
300 _a398 صفحة.
650 1 7 _aالإعلام.
650 1 7 _aوسائل الاتصال.
650 1 7 _aالبلدان العربية.
942 _2ddc
_cBK
999 _c96776
_d96776